000 00558nam a2200133 a 4500
001 000044970
005 20201002045754.0
008 150127s1980 dr 000 0 spa d
040 _aDO-SdBNP
_bspa
_cBNPHU
110 1 _aRepública Dominicana
_bSuperintendencia de Seguros
_bDepartamento de Analisis y Estadística
_972989
245 1 0 _aAnalisis de las primas cobradas por las compañías de seguros durante el segundo semestre del año 1979 y resumen de dicho año.
260 _aSanto Domingo :
_bSuperintendencia de Seguros,
_c1980.
300 _a63 p. ;
_c28 cm.
999 _c44459
_d44459